000 00749nam a2200289Ia 4500
005 20260324134027.0
008 008 260324s9999 xx 000 0 eng d
020 _a9781315699363
037 _aEBOOK
040 _aCRL
040 _beng
040 _cCRL
041 _2eng
041 _aeng
084 _qCRL
100 _aThomas B. Gold; Victoria E. Bonnell
_91195301
245 4 _aThe New Entrepreneurs of Europe and Asia
245 0 _bPatterns of Business Development in Russia, Eastern Europe and China
260 _bTaylor and Francis
260 _c2002
365 _a
365 _b290
856 _uhttp://www.taylorfrancis.com/books/9781315699363
942 _cEBOOK
999 _c1794934
_d1794934